Statistics for Thorpe Park Roller Coasters

Click here to take the quiz!

General Stats

  • This quiz has been taken 225 times
  • The average score is 5 of 7

Answer Stats

HintAnswer% Correct
2006Stealth
97%
2012Swarm
90%
2009Saw - The Ride
89%
2002Colossus
88%
2003Nemesis Inferno
85%
2007Flying Fish
69%
1996The Walking Dead - The Ride
27%

Score Distribution

Percentile by Number Answered

Percent of People with Each Score

Your Score History

You have not taken this quiz